Visualizzazione normale
Vista MARC
- Donizetti Gaetano
di Personal Name
Records bibliografici associati: 1
001 - CONTROL NUMBER
- control field: 5689
003 - CONTROL NUMBER IDENTIFIER
- control field: IT-RoPau
005 - DATE AND TIME OF LATEST TRANSACTION
- control field: 20131216223649.0
008 - FIXED-LENGTH DATA ELEMENTS
- fixed length control field: 131216|| aca||aabn | a|a d
040 ## - CATALOGING SOURCE
- Original cataloging agency: IT-RoPau
- Transcribing agency: IT-RoPau
100 ## - HEADING--PERSONAL NAME
- Personal name: Donizetti Gaetano
- Dates associated with a name: Codice autore musica SPICS: 10737
- Relator term: Autore musica
- Name of part/section of a work: Sonate Fur Zwei Klarinetten
670 ## - SOURCE DATA FOUND
- Source citation: Work cat.: (IT-RoPau)102399: AA.VV. 794, Duos Fur Blaser (Consortium classicum)-Lp 642416